Gramática Latina

Guardat en:
Dades bibliogràfiques
Autor principal: Siegel, P. Conrado
Format: Llibre
Idioma:Undetermined
Publicat: Buenos Aires, Argentina Guadalupe 1960
Edició:4
Matèries:
Etiquetes: Afegir etiqueta
Sense etiquetes, Sigues el primer a etiquetar aquest registre!

MARC

LEADER 00000nam a2200000Ia 4500
008 170316s9999 xx 000 0 und d
090 |a 415-L S-2g 
100 |a Siegel, P. Conrado 
245 |a Gramática Latina 
250 |a 4 
260 |a Buenos Aires, Argentina 
260 |b Guadalupe 
260 |c 1960 
300 |a 360 páginas 
650 |a GRAMÁTICA LATINA 
999 |c 19652  |d 19652 
040 |a cru BVZT 
942 |c 15 D  |h 415-L S-2g  |2 z